000 01167nam a2200265Ia 4500
003 OSt
005 20211105143816.0
008 210310s1976 mx ad fr 001 0 spa d
040 _aCO-JMCR
_cCO-JMCR
041 1 _aspa
_heng
082 0 4 _a339 /
_bD436m
_223
100 1 _aDernburg, Thomas F.,
_918045
_eautor
245 1 0 _aMacroeconomía :
_bla medición, análisis y control de la actividad económica agregada /
_cThomas F. Dernburg, Duncan M. McDougall ; [traductor, Enrique Martínez]
250 _a1a. Edición
260 _aMéxico :
_bEditorial Diana,
_c1976
300 _a576 páginas :
_bilustraciones y gráficas a blanco y negro ;
_c22 cm.
500 _aIncluye notas a pie de página.
505 0 _aLa medición de la actividad económica -- El nivel de la actividad económica -- Crecimiento y fluctuaciones en la actividad económica -- Problemas en el control de la actividad económica
650 1 4 _aMacroeconomía
_918047
650 2 4 _aModelos matemáticos
_91740
650 2 4 _aEconomía
_xModelos matemáticos
_941436
700 1 _aMcDougall, Duncan M.,
_eautor
_941437
700 1 _aMartínez, Enrique,
_etraductor
_941438
942 _2ddc
_cBK
999 _c8705
_d8705